000
00262nam a22001217a 4500
008
170714b xxu||||| |||| 00| 0 eng d
041
_a
eng
080
_a
16
100
_a
23
101
_a
23
245
_a
RELIGION BECOMES EVIL
_c
KIMBAL.CH
942
_2
udc
_c
BK
999
_c
20690
_d
20690